Quiz Gastronomie - Statistiques

Statistiques générales
  • Ce quiz a été pris 2 310 fois
  • Le résultat moyen est 6 sur 9
Statistiques - réponses
Question Réponse % Correct
Quel est le plat qui porte le non d'un président? La Poutine
97%
Quelle plante compose essentiellement le condiment appelé Pesto ? Le basilic
88%
comment s'appelle la course transatlantique en solitaire à la voile? la route du rhum
83%
comment s'appelle traditionnellement un sorbet citron arrosé de vodka? Coupe Colonel
78%
Sur quoi cuisine les restaurateurs? un piano
77%
Quels fruits ont fait la réputation de la ville de Cavaillon ? Les melons
73%
De quelle ville espagnole la paëlla est-elle originaire ? Valence
65%
D’où est originaire le Mojito ? De Cuba
59%
De quel pays ou région française la raclette est-elle originaire ? Suisse
26%
Aucun quiz correspondant
Distribution des résultats
% des personnes avec chaque résultat
Percentile par nombre de réponses
Votre historique - résultats
Vous n’avez pas pris ce quiz